Công nghệ sinh học

Cuốn sách giới thiệu công nghệ vi sinh, một số ứng dụng của công nghệ vi sinh như sản xuất rượu gạo, bia không được trình bày trong quyển sách này . Cuốn sách đề cập các vấn đề như sản xuất Insulin, trợ sinh, phục hồi sinh học, ứng dụng...

Full description

Saved in:
Bibliographic Details
Main Author: Nguyễn, Như Hiền
Format: Book
Language:Undetermined
Published: Hà Nội Giáo dục 2006
Subjects:
Tags: Add Tag
No Tags, Be the first to tag this record!
Institutions: Trung tâm Học liệu Trường Đại học Cần Thơ
LEADER 01078nam a2200217Ia 4500
001 CTU_123384
008 210402s9999 xx 000 0 und d
020 |c 25000 
082 |a 660.6 
082 |b H305/T.5 
100 |a Nguyễn, Như Hiền 
245 0 |a Công nghệ sinh học 
245 0 |c Phạm Văn Ty, Vũ Nguyên Thành 
260 |a Hà Nội 
260 |b Giáo dục 
260 |c 2006 
520 |a Cuốn sách giới thiệu công nghệ vi sinh, một số ứng dụng của công nghệ vi sinh như sản xuất rượu gạo, bia không được trình bày trong quyển sách này . Cuốn sách đề cập các vấn đề như sản xuất Insulin, trợ sinh, phục hồi sinh học, ứng dụng vi sinh vật trong chế biến thực phẩm, công nghệ sản xuất acid hữu cơ.... 
650 |a Biotechnology 
904 |i Tuyến 
910 |a Lấy theo cutter Tgiả tập 1 
980 |a Trung tâm Học liệu Trường Đại học Cần Thơ